De unicornios e hipogrifos /

Guardado en:
Autor Principal: Siemens, Sandra.
Otros Autores: Bianki; il.
Formato: Libro
Publicado: Buenos Aires : Sudamericana, 1999.
Edición:2a ed.
Series:Pan Flauta. Magenta. Fantásticos / Gigliola Zecchin de Duhalde ; 30
Materias:
Etiquetas: Agregar Etiqueta
Sin Etiquetas, Sea el primero en etiquetar este registro!
LEADER 01295nam a22003255a 4500
001 CEM.cems019846
008 221110s1999##################000#0#####d
005 20251104154929.0
245 1 0 |a De unicornios e hipogrifos /  |c Sandra Siemens; ilustrado por Bianki. 
250 |a 2a ed. 
260 |a Buenos Aires :  |b Sudamericana,  |c 1999. 
300 |a 64 p. 
490 0 |a Pan Flauta. Magenta. Fantásticos / Gigliola Zecchin de Duhalde ;  |v 30 
500 |a Canela seudónimo de Gigliola Zecchin de Duhalde. 
500 |a Edad sugerida: a partir de 9 años. 
505 0 |a El estornudo del unicornio -- El kraken y el almirante -- Los ojos de Goof -- El minotauro y las mariposas -- El huevo 
020 |a 9500709910 
100 1 |a Siemens, Sandra. 
700 1 |a Bianki; il. 
082 0 4 |a A868.4 
653 |a Literatura 
653 |a Literatura Argentina 
653 |a Literatura infantil 
653 |a Cuentos 
653 |a Cuento infantil 
653 |a Cuentos fantásticos 
859 |a CEMS  |b BIB. CEMS - 11 de abril  |h A868.4  |i Si159  |p 30488.25  |t Ej.1 
859 |a CEMS  |b BIB. CEMS - Inicial y Primaria  |h A868.4  |i Si159-2  |k IP  |p 2004  |t Ej.1 
859 |a CEMS  |b BIB. CEMS - Inicial y Primaria  |h A868.4  |i Si159-2  |k IP  |p 2005  |t Ej.2 
859 |a CEMS  |b BIB. CEMS - Inicial y Primaria  |h A868.4  |i Si159-2  |k IP  |p 2008  |t Ej.3